| 000 | 01257nam a2200241Ia 4500 | ||
|---|---|---|---|
| 008 | 191130s2009##################000#0#eng## | ||
| 020 | _a9780819478054 | ||
| 022 | _a2010455630 | ||
| 040 |
_aACL _cACL |
||
| 082 | _a621.367 UDU | ||
| 245 |
_aMIPPR 2009 : multispectral image acquisition and processing : 30 October-1 November 2009, Yichang, China _cJayaram K. Udupa ... [et al.], editors ; organized by Huazhong University of Science and Technology (China) ; sponsored by the National Laboratory for Multi-spectral Information Processing Technologies (China) ... [et al.] |
||
| 260 |
_aBellingham, WA _bSPIE _c2009 |
||
| 300 | _a1 v. (various pagings) : ill., maps ; 28 cm | ||
| 500 | _aIncludes bibliographical references and author index | ||
| 650 | _aImage processing - Congresses | ||
| 650 | _aMultispectral photography - Congresses | ||
| 650 | _aRemote sensing - Congresses | ||
| 700 | _aUdupa, Jayaram K | ||
| 710 | _aHua zhong gong xue yuan, International Symposium on Multispectral Image Processing and Pattern Recognition (6th : 2009 : Yichang Shi, China), National Laboratory for Multi-spectral Information Processing Technologies, SPIE (Society) | ||
| 990 | _afe2eb69dac10000c7c777c6bc452c251 | ||
| 991 | _a386725 | ||
| 999 |
_c11753 _d11753 |
||